Emirates of the UAE Map Quiz - Statistics

General Stats
  • This quiz has been taken 2,556 times
  • The average score is 4 of 7
Answers on the Map
Answers color-coded by a green-red scale on the quiz's map according to % correct below.
 
Answer Stats
Answer % Correct
Abu Dhabi
87%
Dubai
78%
Sharjah
55%
Fujairah
52%
Ras al-Khaimah
50%
Ajman
49%
Umm al-Quwain
34%
No matching quizzes found
Score Distribution
Percent of People with Each Score
Percentile by Number Answered
Your Score History
You have not taken this quiz